00849nam a22002417a 4500003000500000005001700005008004100022010001000063011001000073035001100083040000900094100003500103245013700138260004000275300003600315502007600351530003600427650001200463650002500475650002700500856006400527856001600591CHAP20220329143519.0100319s2010 mx r 00010 spa d a97820 a98792 a109477 cCHAP1 aCarrera Arzeta, José Israel.10aRespuesta de Lilium spp. cv. Casablanca a diferentes dosis de magnesio en la solución nutritivac/por José Israel Carrera Arzeta aChapingo, Méx. :bEl autor,c2010 aix, 68 h. :bcuadros , gráfs. aTesis (Ing. Agr. Esp. en Fitotecnia) - UACH. Departamento de Fitotecnia aTambién disponible en línea04aLilium.04aMagnesio en plantas.04aSoluciones nutritivas. 3Finding aiduhttp://10.13.5.2/tesis/109477.pdfzTeclea aqui a1 n0001314